Statistics for Random Cities on Africa Map

Click here to take the quiz!

General Stats

  • This quiz has been taken 281 times
  • The average score is 10 of 15

Answers on the Map

Answers color-coded by a green-red scale on the quiz's map according to % correct below.
 

Answer Stats

African City% Correct
Alexandria
100%
Antananarivo
100%
Bamako
100%
Bangui
100%
Banjul
100%
Benghazi
100%
Bissau
100%
Bloemfontein
100%
Cape Town
100%
Casablanca
100%
Conakry
100%
Dar es Salaam
100%
Djibouti
100%
Dodoma
100%
East London
100%
Fes
100%
Freetown
100%
Gitega
100%
Harare
100%
Juba
100%
Kampala
100%
Khartoum
100%
Kinshasa
100%
Kisangani
100%
Laayoune
100%
Lagos
100%
Lilongwe
100%
Lusaka
100%
Luxor
100%
Marrakesh
100%
Mogadishu
100%
Nairobi
100%
Niamey
100%
Ouagadougou
100%
Porto-Novo
100%
Port Said
100%
Pretoria
100%
Timbuktu
100%
Tripoli
100%
Yamoussoukro
100%
Cotonou
67%
Port Sudan
67%
Agadir
50%
Bujumbura
50%
Goma
50%
Jos
50%
Kaduna
50%
Lome
50%
Mamoudzou
50%
Sfax
50%
Zanzibar
50%
Port Elizabeth
33%
Abidjan
0%
Abuja
0%
Accra
0%
Addis Ababa
0%
Algiers
0%
Arusha
0%
Asmara
0%
Aswan
0%
Bahir Dar
0%
Bata
0%
Beira
0%
Benin City
0%
Blantyre
0%
Brazzaville
0%
Bukavu
0%
Bulawayo
0%
Cabinda
0%
Cairo
0%
Calabar
0%
Ceuta
0%
Dakar
0%
Dire Dawa
0%
Douala
0%
Durban
0%
Enugu
0%
Funchal
0%
Gaborone
0%
Georgetown
0%
Hargeisa
0%
Huambo
0%
Hurghada
0%
Ibadan
0%
Ilorin
0%
Jamestown
0%
Johannesburg
0%
Kananga
0%
Kano
0%
Kigali
0%
Kimberley
0%
Kumasi
0%
Las Palmas de Gran Canaria
0%
Libreville
0%
Luanda
0%
Lubumbashi
0%
Maiduguri
0%
Malabo
0%
Maputo
0%
Maseru
0%
Mbabane
0%
Mbuji-Mayi
0%
Melilla
0%
Mombasa
0%
Monrovia
0%
Moroni
0%
Mwanza
0%
Nakuru
0%
N'Djamena
0%
Nouakchott
0%
Onitsha
0%
Oran
0%
Pietermaritzburg
0%
Pointe-Noire
0%
Port Harcourt
0%
Port Louis
0%
Praia
0%
Rabat
0%
Saint-Denis
0%
Santa Cruz de Tenerife
0%
São Tomé
0%
Sekondi-Takoradi
0%
Sousse
0%
St Louis
0%
Suez
0%
Tamale
0%
Tangier
0%
Tobruk
0%
Touba
0%
Tunis
0%
Victoria
0%
Warri
0%
Windhoek
0%
Yaounde
0%
Zaria
0%

Score Distribution

Percentile by Number Answered

Percent of People with Each Score

Your Score History

You have not taken this quiz